000 00464nam a2200157 i 4500
001 26106
003 ES-MaACL
005 20230906153404.0
007 t|
008 030107s1925 pr ||||1| spa d
100 1 _aArnold, Mario.
_923110
245 1 3 _aLa canción del peregrino
_b: poema en verso original /
_cde Mario Arnold.
260 _aSan Juan de Puerto Rico :
_b[s.n.,
_c1925] (
_fTip. Cantero)
300 _a15 p. ;
_c17 cm.
852 _aES-MaACL
_j1696-F-2
999 _c26106
_d26106